Central Library OPAC University of Rajshahi

Language Education in Multilingual India / (Record no. 60869)

MARC details
000 -LEADER
fixed length control field 01096nam a2200313 a 4500
001 - CONTROL NUMBER
control field 60869
003 - CONTROL NUMBER IDENTIFIER
rucl marc code BD-RjUL
005 - DATE AND TIME OF LATEST TRANSACTION
control field 20211209080906.0
008 - FIXED-LENGTH DATA ELEMENTS--GENERAL INFORMATION
fixed length control field 170104s2001 ii bs i000 0 eng d
035 ## - SYSTEM CONTROL NUMBER
System control number (BD-RjUL)60993
040 ## - CATALOGING SOURCE
Original cataloging agency DLC
Transcribing agency DLC
Modifying agency DLC
Language of cataloging eng
041 ## - LANGUAGE CODE
Language code of text/sound track or separate title eng
082 ## - DEWEY DECIMAL CLASSIFICATION NUMBER
Edition number 23
Classification number 407.0954
Author mark and year LAN 2001
245 00 - TITLE STATEMENT
Title Language Education in Multilingual India /
Statement of responsibility, etc. edited by C.J. Daswani.
260 ## - PUBLICATION, DISTRIBUTION, ETC. (IMPRINT)
Place of publication, distribution, etc. New Delhi :
Name of publisher, distributor, etc. UNESCO,
Date of publication, distribution, etc. 2001.
300 ## - PHYSICAL DESCRIPTION
Pagination xviii, 383 p. :
Size 25 cm.
500 ## - GENERAL NOTE
General note Includes statistical tables.
504 ## - BIBLIOGRAPHY, ETC. NOTE
Bibliography, etc Includes bibliographical references.
650 #0 - SUBJECT ADDED ENTRY--TOPICAL TERM
Topical term or geographic name as entry element Language and education
Geographic subdivision India.
9 (RLIN) 181457
Topical term or geographic name as entry element Language policy
Geographic subdivision India.
9 (RLIN) 181458
Topical term or geographic name as entry element Language and languages
General subdivision Study and teaching
Geographic subdivision India.
9 (RLIN) 181459
Topical term or geographic name as entry element Multilingualism
Geographic subdivision India.
9 (RLIN) 181460
700 1# - ADDED ENTRY--PERSONAL NAME
Personal name Daswani, Chander J.
710 2# - ADDED ENTRY--CORPORATE NAME
Corporate name or jurisdiction name as entry element Language Education in Multilingual India (Project)
9 (RLIN) 181461
Corporate name or jurisdiction name as entry element Unesco.
9 (RLIN) 172576
856 41 - ELECTRONIC LOCATION AND ACCESS
Materials specified Table of contents only
Uniform Resource Identifier <a href="http://www.loc.gov/catdir/toc/fy0703/2006542781.html">http://www.loc.gov/catdir/toc/fy0703/2006542781.html</a>
942 ## - ADDED ENTRY ELEMENTS (KOHA)
Source of classification or shelving scheme Dewey Decimal Classification
Koha item type Books
Holdings
Lost status Source of classification or shelving scheme Damaged status Not for loan Collection code Permanent Location Current Location Shelving location Date acquired Source of acquisition Total Checkouts Full call number Date last seen Copy number Koha item type
  Dewey Decimal Classification   Not For Loan Non-fiction Central Library, University of Rajshahi Central Library, University of Rajshahi Reading Room 02/01/2008 Author. Rajshahi   407.0954 LAN 2001 04/01/2017 C-1 Books